Comparative study of the attitude of B.Ed. pupil teachers belonging to arts and commerce groups (Record no. 87172)

MARC details
000 -LEADER
fixed length control field 00374nam a2200133Ia 4500
008 - FIXED-LENGTH DATA ELEMENTS--GENERAL INFORMATION
fixed length control field 230917s9999||||xx |||||||||||||| ||und||
040 ## - CATALOGING SOURCE
-- 90440
Original cataloging agency VIVEKANANDA LIBRARY
041 ## - Language
-- English
082 ## - DDC NUMBER
Classification number 370.153 V816C
100 ## - MAIN ENTRY--PERSONAL NAME
Personal name Virender Singh
245 #0 - TITLE STATEMENT
Title Comparative study of the attitude of B.Ed. pupil teachers belonging to arts and commerce groups
300 ## - PHYSICAL DESCRIPTION
Pages 64 p.
942 ## - ADDED ENTRY ELEMENTS (KOHA)
Koha item type Thesis
Holdings
Withdrawn status Lost status Damaged status Not for loan Location (home branch) Sublocation or collection (holding branch) Shelving location Date acquired Koha issues (times borrowed) Koha full call number Accession No. Koha date last seen Koha item type
        VIVEKANANDA LIBRARY VIVEKANANDA LIBRARY Reference 13/05/2003   370.153 V816C 166685 17/09/2023 Thesis
© Designed and Maintained by Vivekananda Library, MDU Rohtak